[Event "Challenge"]
[Site "http://www.queenalice.com/game.php?id=827156"]
[Date "2010.9.3"]
[Round "-"]
[White "Petrucio"]
[Black "neoiron"]
[Result "0-1"]
[WhiteElo "1421"]
[BlackElo "1364"]

1. e4 Nc6 2. c3 Nf6 3. Qb3 Nxe4 4. Qd5 Nf6 5. Qg5 Ne4 6. Qd5 Nf6 7. Qc5 d6 8.
Qb5 e5 9. d4 exd4 10. Bc4 Qe7+ 11. Ne2 d3 12. Bxd3 Bd7 13. Qxb7 Rc8 14. Kd2 Rb8
15. Qxc7 Ne4+ 16. Ke3 Ng5+ 17. Kf4 Ne6+ 18. Kf3 Nxc7 19. Bf4 Nd5 20. g4 Rxb2 21.
Bc4 Nb6 22. Bd3 Nd5 23. Bc1 Ne5+ 24. Ke4 Nf6+ 25. Ke3 Nexg4+ 26. Kf3 Rb8 27. h3
Bc6+ 28. Be4 Qxe4+ 29. Kg3 Qxh1 30. hxg4 Qf3+ 31. Kh4 Qxg4# 0-1

[Event "Challenge"]
[Site "http://www.queenalice.com/game.php?id=832717"]
[Date "2010.9.14"]
[Round "-"]
[White "Petrucio"]
[Black "neoiron"]
[Result "0-1"]
[WhiteElo "1426"]
[BlackElo "1382"]

1. e4 Nf6 2. e5 Ne4 3. f3 Ng5 4. d4 Nc6 5. Bxg5 Nb4 6. Bd2 Nc6 7. Bg5 Nb4 8. Qd2
Nd5 9. c4 Nb6 10. b3 f6 11. Bh4 d6 12. exf6 exf6 13. Nc3 Qe7+ 14. Ne4 Bf5 15.
Qf4 Qe6 16. Kf2 O-O-O 17. d5 Qe5 18. Qg3 Qxa1 19. Qf4 Qxa2+ 20. Be2 Bd7 21. Nc3
Qxb3 22. Ne4 g5 23. Nxg5 fxg5 24. Bxg5 h6 25. Qd4 hxg5 26. Qxh8 Qxc4 27. Bxc4
Nxc4 28. Qc3 b5 29. Qd4 a5 30. Qa1 a4 31. Qf6 g4 32. Qd4 g3+ 33. hxg3 a3 34. Qa7
Bf5 35. Qa6+ Kb8 36. Qxb5+ Kc8 37. Qxc4 Bb1 38. Qd4 c5 39. Qa1 a2 40. Qf6 c4 41.
Qf7 a1=Q 42. Ne2 Qa2 43. Qf4 c3 44. Qc4+ Qxc4 45. Rxb1 c2 46. Ra1 Bg7 47. Ra8+
Kc7 48. Ra7+ Kb6 49. Rxg7 Re8 50. Rg4 Qxe2+ 51. Kg1 c1=Q+ 52. Kh2 Qef1 53. Rb4+
Kc5 54. Rb7 Qh1# 0-1

[Event "Challenge"]
[Site "http://www.queenalice.com/game.php?id=834834"]
[Date "2010.9.19"]
[Round "-"]
[White "Petrucio"]
[Black "neoiron"]
[Result "0-1"]
[WhiteElo "1420"]
[BlackElo "1453"]

1. e4 Nf6 2. e5 Ne4 3. Bd3 Ng5 4. f4 Ne6 5. g3 Nc6 6. Bc4 Ned4 7. Bd3 e6 8. c3
Nf5 9. Nf3 Bc5 10. g4 Nh6 11. g5 Ng4 12. h3 Nf2 13. Qe2 Nxh1 14. Qf1 Ng3 15. Qg2
Nh5 16. Qg4 g6 17. b4 Bb6 18. b5 Nb8 19. Na3 a6 20. Rb1 axb5 21. Bxb5 f6 22. Nc4
Rxa2 23. Nh4 f5 24. Qe2 Nxf4 25. Qf3 Qxg5 26. Qf2 Bxf2+ 27. Kxf2 Qxh4+ 28. Ke3
Ng2+ 29. Kf3 Qxh3+ 30. Kf2 f4 31. Ba3 Qg3+ 32. Kg1 Nh4+ 33. Kf1 f3 34. Bc5 c6
35. Nd6+ Kf8 36. Bc4 Rxd2 37. Ne4+ d6 38. Nxg3 dxc5 39. Ra1 b5 40. Bb3 f2 41.
Ra8 c4 42. Ne4 Rb2 43. Nc5 Rb1+ 44. Kxf2 Nd7 45. Rxc8+ Kg7 46. Rc7 Rb2+ 47. Kg3
Nf5+ 48. Kf4 Kf8 49. Nxd7+ Ke8 50. Bd1 Rd2 51. Nf6+ Kd8 52. Rxc6 Rxd1 53. Rxe6
h5 54. Ne4 Rf1+ 55. Kg5 Rg8 56. Rb6 Rg1+ 57. Kf6 Rf8+ 58. Ke6 Rb1 59. Rb8+ Kc7
60. Rxf8 h4 61. Rg8 Re1 62. Rxg6 Ne3 63. Kf7 Nd1 64. Rg4 h3 65. Kf6 h2 66. Rg7+
Kc6 67. Ng3 Nxc3 68. Rh7 Nd5+ 69. Kf5 Ne3+ 70. Ke4 Nf1+ 71. Kd4 Rd1+ 72. Ke4
Nxg3+ 73. Kf4 Nf1 74. Kg4 Ne3+ 75. Kf3 h1=Q+ 76. Rxh1 Rxh1 77. Kxe3 Rd1 78. Ke2
Rd5 79. e6 Kd6 80. e7 Kxe7 81. Ke3 c3 82. Ke4 Rd6 0-1

[Event "Challenge"]
[Site "http://www.queenalice.com/game.php?id=834845"]
[Date "2010.9.19"]
[Round "-"]
[White "Petrucio"]
[Black "neoiron"]
[Result "0-1"]
[WhiteElo "1371"]
[BlackElo "1423"]

1. e4 Nf6 2. e5 Ne4 3. Qg4 Nc5 4. d4 Ne6 5. d5 Nc5 6. b4 Ne6 7. dxe6 dxe6 8. Nc3
Nc6 9. a4 Nxe5 10. Bf4 Nxg4 11. h3 Nf6 12. f3 Qd4 13. Bd2 Qxb4 14. Rb1 Qd4 15.
Nce2 Qe5 16. Bf4 Qf5 17. Rc1 Nd5 18. g4 Qf6 19. Bxc7 Nxc7 20. h4 e5 21. g5 Qb6
22. c4 Qb4+ 23. Rc3 Qxa4 24. Kd2 Bf5 25. f4 Rd8+ 26. Ke3 Ne6 27. fxe5 Qd1 28.
Kf2 Nc7 29. Rf3 e6 30. Ra3 Bxa3 31. Bg2 b6 32. Bc6+ Kf8 33. Rh2 Bc5+ 34. Kg3
Bxg1 35. Rg2 Qd3+ 36. Bf3 Bc5 37. Rg1 Be4 38. Rf1 a5 39. Kf4 Bxf3 40. Rxf3 Qxe2
41. h5 Qxc4+ 42. Kg3 a4 43. Rf4 Qc3+ 44. Kg2 a3 45. Rf3 Qb2+ 46. Kg3 a2 47. Rf1
Rd3+ 48. Kg4 Qe2+ 0-1

[Event "Challenge"]
[Site "http://www.queenalice.com/game.php?id=844601"]
[Date "2010.10.12"]
[Round "-"]
[White "Petrucio"]
[Black "neoiron"]
[Result "0-1"]
[WhiteElo "1433"]
[BlackElo "1437"]

1. g4 Nc6 2. c3 Nf6 3. g5 Ne4 4. f3 Nxg5 5. f4 Ne6 6. f5 Ng5 7. d4 e5 8. h4 Ne4
9. Qd3 d5 10. Bg2 Bxf5 11. Qf3 Qd7 12. Qd3 exd4 13. cxd4 Nf6 14. Qb5 Bb4+ 15.
Kd1 O-O 16. Qxb7 Ng4 17. e4 dxe4 18. Ke2 Nxd4+ 19. Kf1 a5 20. a3 Nc2 21. Ra2
Rab8 22. Qa6 Qd1# 0-1

[Event "Challenge"]
[Site "http://www.queenalice.com/game.php?id=846120"]
[Date "2010.10.15"]
[Round "-"]
[White "Petrucio"]
[Black "neoiron"]
[Result "1-0"]
[WhiteElo "1431"]
[BlackElo "1468"]

1. g4 Nc6 2. Nf3 Nf6 3. Bg2 Nxg4 4. h3 Nf6 5. d4 Ne4 6. d5 Nb4 7. a3 c6 8. d6
Nd5 9. Nd4 exd6 10. Bxe4 Nf4 11. Bxf4 Qh4 12. e3 d5 13. Bg3 Qxe4 14. Rg1 Bc5 15.
Nb3 Bb6 16. N1d2 Qe6 17. Nc1 O-O 18. Ke2 d4 19. e4 d5 20. f3 dxe4 21. Nxe4 Qc4+
22. Nd3 Bf5 23. Be5 g6 24. Qd2 c5 25. Qh6 Qxc2+ 26. Kf1 Qxd3+ 27. Kg2 Qe2+ 28.
Kg3 f6 29. Rae1 Qxb2 30. Nxf6+ Kf7 31. Qxh7+ Ke6 32. Kf4 Qd2+ 33. Kg3 Rh8 34.
Qxb7 Qg5+ 35. Kf2 Qh4+ 36. Bg3+ Kxf6 37. Bxh4+ g5 38. Bxg5+ Kg6 39. h4 Rhb8 40.
Qc6+ Kh5 41. Qb5 a6 42. Qc6 a5 43. Qd5 Kg6 44. Re5 Rd8 45. Qc6+ Be6 46. Rxe6+
Kf5 47. Qxb6 Rdc8 48. Rf6+ Ke5 49. Bf4+ Kd5 50. Re1 d3 51. Rd1 Kd4 52. Qb3 c4
53. Qb5 Rc5 54. Qb2+ c3 55. Rd6+ Kc4 56. Qb6 c2 57. Rc1 Rd5 58. Rc6+ Rc5 59.
Rxc5+ Kd4 60. Be3# 1-0

[Event "Challenge"]
[Site "http://www.queenalice.com/game.php?id=854132"]
[Date "2010.11.3"]
[Round "-"]
[White "Petrucio"]
[Black "neoiron"]
[Result "0-1"]
[WhiteElo "1453"]
[BlackElo "1451"]

1. g4 Nc6 2. Bg2 Nf6 3. Bxc6 dxc6 4. f3 e5 5. g5 Nd5 6. e4 Nf4 7. d4 exd4 8.
Bxf4 Bb4+ 9. Kf2 O-O 10. a3 Bc5 11. Qd2 b6 12. b4 Be7 13. Be5 Bxg5 14. f4 Bh4+
15. Kf3 c5 16. Qg2 g6 17. f5 Qg5 18. Qf1 Qh5+ 19. Kg2 c6 20. fxg6 Qxe5 21. Nd2
hxg6 22. Ndf3 Qf4 23. c4 dxc3 24. Rc1 Bf6 25. h4 Qxe4 26. Qe2 Qg4+ 27. Kf2 c4
28. Qe3 Ba6 29. h5 g5 30. Rh2 Rfe8 31. Rg2 Qxh5 32. Rh2 Qg6 33. Rxc3 Rxe3 34.
Rxe3 Qf5 35. Ne2 g4 36. Ng3 Qf4 37. Nh5 Qf5 38. Ng3 Qc2+ 39. Kf1 Qd1+ 40. Ne1
c3+ 41. Ree2 Be5 42. Kf2 Bf4 43. Rh4 Bxg3+ 44. Kxg3 f5 45. Kf2 Qxe2+ 46. Kg3
Qxe1+ 47. Kf4 Qxh4 48. Kxf5 c2 0-1

[Event "Challenge"]
[Site "http://www.queenalice.com/game.php?id=857278"]
[Date "2010.11.10"]
[Round "-"]
[White "fornov_ik"]
[Black "neoiron"]
[Result "0-1"]
[WhiteElo "1521"]
[BlackElo "1469"]

1. e4 Nf6 2. Nc3 Nc6 3. d4 Nb4 4. e5 Nfd5 5. a3 Nxc3 6. bxc3 Nd5 7. Bc4 Nb6 8.
Qf3 e6 9. Nh3 Nxc4 10. Ng5 Qe7 11. Qd3 Nb6 12. a4 Nd5 13. c4 Nb4 14. Qd2 f6 15.
exf6 gxf6 16. Ne4 f5 17. Ng5 a5 18. c3 Nc6 19. O-O Bh6 20. f4 e5 21. Ba3 d6 22.
Bc1 e4 23. d5 e3 24. Qe2 Nd8 25. Nf3 Bxf4 26. g3 Rg8 27. Kh1 Bh6 28. Re1 Kf8 29.
Qd3 Qe4 30. Qxe4 fxe4 31. Nd4 c6 32. dxc6 bxc6 33. Bxe3 Bxe3 34. Rxe3 c5 35. Nb5
Nf7 36. Rxe4 Bb7 37. Re1 Re8 38. Kg1 Bxe4 39. Nc7 Re7 40. Nb5 Rg4 41. Na3 Ne5
42. Re3 Nf3+ 43. Kf2 Nxh2 44. Re2 Bf3 45. Rb2 Re2+ 46. Rxe2 Bxe2 47. Kxe2 Rxg3
48. Nb1 Rg2+ 49. Kd3 h5 50. Ke4 h4 51. Kd5 Ke7 52. Na3 h3 53. Nb5 Rd2+ 54. Kc6
Nf3 55. Kb6 h2 56. Kxa5 h1=Q 57. Kb6 Qb1 58. a5 Rc2 59. a6 Rxc3 60. a7 Ra3 61.
Kc7 Ra6 62. Kb7 Qa1 63. Kb8 Nd2 64. Nc7 Qb2+ 65. Ka8 Qa2 66. Nb5 Nxc4 67. Kb7
Nb6 68. Kb8 Nd7+ 69. Kb7 Qa5 70. Ka8 Nb6+ 71. Kb7 Qxb5 72. a8=Q Rxa8 73. Kc7
Nd5# 0-1

[Event "Challenge"]
[Site "http://www.queenalice.com/game.php?id=859861"]
[Date "2010.11.17"]
[Round "-"]
[White "Petrucio"]
[Black "neoiron"]
[Result "1-0"]
[WhiteElo "1468"]
[BlackElo "1455"]

1. e4 e5 2. Qh5 g6 3. Qxe5+ Ne7 4. d3 Rg8 5. d4 d6 6. Qf6 Nbc6 7. d5 Nb4 8. h4
Nxc2+ 9. Kd2 Nxa1 10. b4 Bh6+ 11. Kd3 Bg7 12. Qg5 b6 13. h5 Be5 14. f4 Bh8 15.
Bd2 Ba6+ 16. Ke3 Nc2+ 17. Kf3 Bxf1 18. Kf2 Bd3 19. Qg3 Bxe4 20. Nc3 Bf5 21. Kf3
Nd4+ 22. Ke3 Nc2+ 23. Ke2 Nd4+ 24. Ke3 Nc2+ 25. Ke2 Nd4+ 26. Ke3 Bd7 27. Qg5
Nc2+ 28. Kd3 Ne1+ 29. Bxe1 Bf5+ 30. Ke3 Bxc3 31. Bxc3 a5 32. Kd4 axb4 33. Bxb4
Ra4 34. Kc4 Rxa2 35. hxg6 hxg6 36. Kb3 Bb1 37. Nf3 Nxd5 38. Rxb1 Ne3 39. Kxa2
Qa8+ 40. Kb3 c5 41. Bd2 Nd5 42. Re1+ Kf8 43. Qh6+ Rg7 44. Bc1 f6 45. Rd1 Nc7 46.
Bb2 Qd5+ 47. Rxd5 Nxd5 48. Qh8+ Rg8 49. Qh6+ Kf7 50. Qh4 Rc8 51. Qg4 c4+ 52. Kc2
Ne3+ 53. Kc3 Nxg4 54. Ba3 d5 55. Nh4 g5 56. f5 1-0

[Event "Challenge"]
[Site "http://www.queenalice.com/game.php?id=863130"]
[Date "2010.11.24"]
[Round "-"]
[White "neoiron"]
[Black "pryazarias"]
[Result "1-0"]
[WhiteElo "1467"]
[BlackElo "864"]

1. Nf3 a5 2. Nc3 g6 3. Nb5 c6 4. Nc3 Bg7 5. Na4 b5 6. Nc5 h5 7. Ng5 f6 8. Nge4
f5 9. Ng5 Bh6 10. Nf3 a4 11. Ne5 d6 12. Nxg6 dxc5 13. Nxh8 f4 14. d3 Bg7 15. Ng6
Bh6 16. e3 b4 17. exf4 Na6 18. Qxh5 Rb8 19. Ne5+ Kf8 20. Qf7# 1-0

[Event "Challenge"]
[Site "http://www.queenalice.com/game.php?id=866186"]
[Date "2010.12.1"]
[Round "-"]
[White "Petrucio"]
[Black "neoiron"]
[Result "1-0"]
[WhiteElo "1451"]
[BlackElo "1472"]

1. g3 Nc6 2. Bg2 Nf6 3. Bxc6 dxc6 4. b4 e5 5. Nf3 Bxb4 6. c3 Ba5 7. Qa4 Qd5 8.
d4 Ne4 9. Kf1 O-O 10. Bd2 Nxd2+ 11. Nbxd2 Bd7 12. c4 c5 13. Qxa5 exd4 14. cxd5
b6 15. Qa3 c6 16. Qd3 f6 17. h4 cxd5 18. Rg1 a6 19. Rb1 b5 20. Qb3 c4 21. Qb4 a5
22. Qd6 Bh3+ 23. Ke1 Rad8 24. Qe7 Rd7 25. Qc5 d3 26. Qxb5 Re7 27. Qxd5+ Kh8 28.
Qxc4 dxe2 29. Qb5 Ra8 30. Qc6 Rc8 31. Qd6 Re6 32. Qa3 Ra8 33. Rb7 1-0

[Event "Challenge"]
[Site "http://www.queenalice.com/game.php?id=883920"]
[Date "2011.1.10"]
[Round "-"]
[White "Petrucio"]
[Black "neoiron"]
[Result "0-1"]
[WhiteElo "1426"]
[BlackElo "1411"]

1. e4 Nf6 2. Qf3 e5 3. d3 c6 4. Qf5 d6 5. Qf3 Qa5+ 6. c3 d5 7. b4 Qa4 8. Ne2
dxe4 9. dxe4 Qc2 10. Be3 Bg4 11. Qg3 Qxe4 12. f3 Qxe3 13. fxg4 Qxg3+ 14. hxg3
Nxg4 15. Rh4 Ne3 16. Rh1 Nc2+ 17. Kd1 Nxa1 18. Kc1 a5 19. Kb2 Nb3 20. Rh5 Nd2
21. Nxd2 f6 22. Ne4 axb4 23. c4 c5 24. g4 Nd7 25. g5 f5 26. N4g3 g6 27. Rh3 f4
28. Ne4 Be7 29. a3 Ra4 30. Kb3 Rxa3+ 31. Kb2 Ra4 32. Kb3 Ra1 33. Rh1 Nb6 34. g3
f3 35. Ng1 Rxf1 36. Nd2 Rf2 37. Ne4 Re2 38. Nxf3 Re3+ 39. Kb2 Nxc4+ 40. Kb1 Rxe4
41. Kc2 Re3 42. Ng1 b3+ 43. Kc1 Re1# 0-1

[Event "Challenge"]
[Site "http://www.queenalice.com/game.php?id=902448"]
[Date "2011.2.18"]
[Round "-"]
[White "blackwolf"]
[Black "neoiron"]
[Result "1-0"]
[WhiteElo "1865"]
[BlackElo "1410"]

1. d4 Nc6 2. Nf3 Nf6 3. Nc3 Nb4 4. a3 Nbd5 5. Nxd5 Nxd5 6. e4 Nf6 7. Bd3 d5 8.
Qe2 Be6 9. O-O dxe4 10. Bxe4 Bd5 11. Bxd5 Nxd5 12. Be3 e6 13. Rad1 Qd7 14. c4
Nb6 15. d5 Na4 16. Rfe1 exd5 17. Bxa7+ Kd8 18. Rxd5 Bd6 19. Bd4 f6 20. c5 Re8
21. Qd2 b6 22. cxd6 cxd6 23. Qb4 Re6 24. Bxb6+ Ke7 25. Rdd1 Qc6 26. Nd4 Qxb6 27.
Rxe6+ Kf7 28. Qxb6 Nxb6 29. Rde1 Nc4 30. R1e2 Rc8 31. g3 g5 32. Nb5 Kg6 33. Nxd6
Nxd6 34. Rxd6 Rc1+ 35. Kg2 g4 36. b4 Ra1 37. Ra6 Kg5 38. b5 f5 39. b6 Rb1 40.
Re7 h5 41. b7 h4 42. gxh4+ Kxh4 43. Ra8 f4 44. Rh7+ Kg5 45. Rg8+ Kf5 46. b8=Q
f3+ 47. Kg3 Rg1+ 48. Kh4 Rg2 49. Rf7+ Ke4 50. Re8+ Kd3 51. Rd7+ Kc2 52. Rc8# 1-0

[Event "Challenge"]
[Site "http://www.queenalice.com/game.php?id=902449"]
[Date "2011.2.18"]
[Round "-"]
[White "neoiron"]
[Black "blackwolf"]
[Result "0-1"]
[WhiteElo "1413"]
[BlackElo "1889"]

1. Nf3 d5 2. Nc3 Nf6 3. Nb5 Nc6 4. Nbd4 Nxd4 5. Nxd4 e5 6. Nb5 Bc5 7. e3 O-O 8.
d4 exd4 9. exd4 Bb6 10. Be2 c6 11. Nc3 Re8 12. Bg5 Qd6 13. O-O h6 14. Be3 Be6
15. Qd3 Rad8 16. Na4 Bc7 17. c3 Qxh2# 0-1

[Event "Challenge"]
[Site "http://www.queenalice.com/game.php?id=909316"]
[Date "2011.3.6"]
[Round "-"]
[White "Petrucio"]
[Black "neoiron"]
[Result "1-0"]
[WhiteElo "1385"]
[BlackElo "1428"]

1. c4 Nf6 2. c5 Nc6 3. e3 e5 4. f4 e4 5. a4 Bxc5 6. h4 O-O 7. g4 d5 8. g5 Ng4 9.
Nh3 Nb4 10. Be2 Nf2 11. Kxf2 c6 12. d4 Bd6 13. a5 a6 14. Ng1 b6 15. b3 bxa5 16.
Na3 1-0

[Event "Challenge"]
[Site "http://www.queenalice.com/game.php?id=1029634"]
[Date "2012.2.14"]
[Round "-"]
[White "Petrucio"]
[Black "neoiron"]
[Result "1-0"]
[WhiteElo "1247"]
[BlackElo "1387"]

1. e4 Nf6 2. e5 Ne4 3. Bc4 e6 4. f3 Nc5 5. b4 Na4 6. Bb5 Nb6 7. Nh3 Nd5 8. c3 c6
9. Ba4 Qh4+ 10. Nf2 Nf4 11. g3 Qg5 12. gxf4 Qxf4 13. Na3 Qxe5+ 14. Ne4 d5 15. d4
Qf5 16. Nc5 e5 17. Nd3 e4 18. f4 exd3 19. Bd2 Qe4+ 20. Kf2 1-0

[Event "Challenge"]
[Site "http://www.queenalice.com/game.php?id=1077103"]
[Date "2012.6.28"]
[Round "-"]
[White "neoiron"]
[Black "pryazarias"]
[Result "1-0"]
[WhiteElo "1365"]
[BlackElo "864"]

1. Nf3 g6 2. Nc3 Na6 3. Nb5 f5 4. Ne5 g5 5. Nf3 h6 6. Nfd4 f4 7. Nf5 e6 8. Nfd4
e5 9. Nf5 Ne7 10. Nxe7 Bxe7 11. d3 g4 12. e3 Bb4+ 13. c3 Be7 14. d4 h5 15. dxe5
Bf6 16. Qd4 Rf8 17. exf4 b6 18. exf6 Bb7 19. Bc4 Bxg2 20. Rg1 Bb7 21. Qe5+ Qe7
22. Nxc7+ Kd8 23. Nxa8 b5 24. Qxe7+ Kc8 25. Qxf8# 1-0

[Event "Challenge"]
[Site "http://www.queenalice.com/game.php?id=1290518"]
[Date "2014.6.26"]
[Round "-"]
[White "pryazarias"]
[Black "neoiron"]
[Result "0-1"]
[WhiteElo "864"]
[BlackElo "1367"]

1. Nc3 Nf6 2. b4 Nc6 3. Ba3 Ng4 4. f3 Nge5 5. g3 Nd4 6. Bh3 Nc4 7. Bc1 Ne5 8. a3
Nc4 9. a4 Ne5 10. Bb2 e6 11. a5 Bxb4 12. Nb1 O-O 13. Ra4 Bc5 14. Na3 d6 15. Bg4
Qg5 16. Bh3 Ndc6 17. Bf1 b6 18. h3 Qxg3# 0-1

[Event "Alfafa Challenge"]
[Site "http://www.queenalice.com/game.php?id=1415344"]
[Date "2016.3.27"]
[Round "-"]
[White "koshnarek"]
[Black "neoiron"]
[Result "1-0"]
[WhiteElo "1728"]
[BlackElo "1369"]

1. e4 e5 2. Bc4 Nf6 3. Nc3 Nc6 4. Nf3 Bc5 5. O-O O-O 6. d3 Ng4 7. Be3 d6 8. Bxc5
dxc5 9. a3 Be6 10. Bxe6 fxe6 11. Na4 c4 12. Nc5 Qc8 13. Ng5 h5 14. h3 b6 15.
Ncxe6 Rf6 16. hxg4 h4 17. g3 h3 18. Kh2 Rh6 19. dxc4 a5 20. Qd5 Ne7 21. Qxe5 Rg6
22. Rad1 Qe8 23. Kxh3 Qc6 24. b3 Qe8 25. Nxc7 Qb8 26. Qxe7 Rh6+ 27. Kg2 Qf8 28.
Qxf8+ Kxf8 29. Nxa8 Rg6 30. Rd5 Ke7 31. f4 Kf6 32. Rd6+ Ke7 33. Rxg6 Kf8 34. Rd1
b5 35. Rd7 bxc4 36. Rgxg7 cxb3 37. Ne6+ Ke8 38. Rd8# 1-0